| 000 | 02183nam0a2200373 4500 | ||
|---|---|---|---|
| 001 | RU\NLR\BIBL_A\022699686 | ||
| 005 | 20260316112037.0 | ||
| 010 |
_a978-5-600-04739-6 _9500 |
||
| 021 |
_aRU _bКН-П-25-070907 _9КН-П-25-6865 |
||
| 035 | _a(NLR Aleph) 022699686 | ||
| 090 |
_a13635695 _c13635695 |
||
| 100 | _a20260113d2025 k y0rusy50 ca | ||
| 101 | 0 | _arus | |
| 102 | _aRU | ||
| 105 | _aacehz 000zd | ||
| 181 | 0 |
_ab2 _b b2e |
|
| 181 | 0 |
_ai2 _b xxe |
|
| 182 | 0 | _an | |
| 200 | 1 |
_aНе просто город _iХасавюрт _eальманах _fРегиональное отделение Обшероссийской обществено-государственной организации "Российский фонд культуры" в Республике Дагестан _gавторы-составители: М. Гаджиев (отв. ред.) [и др.] |
|
| 203 |
_aИзображение _aТекст _bвизуальные _cнепосредственные |
||
| 210 |
_aМахачкала _cКавказский экспресс _d2025 |
||
| 215 |
_a399 с. _cил., цв. ил., портр., пл., факс. _d25 _e1 отл. л. (ил., цв. ил., карты, пл. : 42×59 см) |
||
| 225 | 1 |
_aСерия "Кавказский экспресс" _vвып. 6 |
|
| 300 | _aВ аннот.: Литературно-художественный альманах "Кавказский экспресс – 2025" | ||
| 517 | 1 | _aЛитературно-художественный альманах "Кавказский экспресс – 2025" | |
| 607 |
_aХасавюрт, город (Дагестан) _jИсточники и источниковедение _xИстория _92206668 _3RU\NLR\AUTH\661325762 |
||
| 686 | 1 | _aТ3(2Р-6Д-2Х)0,01 | |
| 702 | 1 |
_aГаджиев _bМ. А. _gМарат Алилович _4220 _4340 |
|
| 712 | 0 | 2 |
_4570 _aРоссийский фонд культуры _bРегиональное отделение в Республике Дагестан _92656760 _3RU\NLR\AUTH\880624392 |
| 942 | _cBOOK | ||
| 980 | _aNB | ||